| 000 | 00715nam a2200229Ia 4500 | ||
|---|---|---|---|
| 003 | OSt | ||
| 005 | 20220923212107.0 | ||
| 006 | a|||||r|||| 00| 0 | ||
| 007 | ta | ||
| 008 | 220922b |||||||| |||| 00| 0 hin d | ||
| 024 | _a150,673 | ||
| 037 | _cTextual | ||
| 040 |
_aARTS _cARTS _bhin |
||
| 041 |
_2hin _ahin |
||
| 082 | _aJ37, 152H9 | ||
| 100 |
_aव्यास, नारायण दुलीचन्द _9162098 |
||
| 245 | 0 | _aफलों की खंेती और व्यवसाय | |
| 246 | _aFaloan kī khanetī aur vyavasāya | ||
| 260 | _c1949 | ||
| 942 |
_hJ37, 152H9 _cTEXL _2CC |
||
| 999 |
_c306353 _d306353 |
||